Capital allocation theory : the study of investment decisions /

Sparad:
Bibliografiska uppgifter
Huvudupphovsman: Fleischer, Gerald A.
Materialtyp: Bok
Språk:English
Publicerad: New York : Appleton-Century-Crofts, [1969].
Serie:ACC business series
Ämnen:
LEADER 01010nam a2200277 a 4500
001 c000185904
003 CARM
005 20050901151220.0
008 700130s1969 nyua b 001 0 eng
019 1 |a 37748  |z 27498132  |5 LACONCORD2021 
020 |a 0390318000 
035 |a (OCoLC)53177  |5 LACONCORD2021 
040 |a LC  |b eng  |c LC  |d ABN:1 
050 0 0 |a HG4028.C4  |b F56 
082 0 4 |a 658.1/52 
100 1 |a Fleischer, Gerald A. 
245 1 0 |a Capital allocation theory :  |b the study of investment decisions /  |c Gerald A. Fleischer. 
260 |a New York :  |b Appleton-Century-Crofts,  |c [1969]. 
300 |a xiii, 291 p. :  |b ill. ;  |c 25 cm. 
490 0 |a ACC business series 
504 |a Bibliography: p. 279-285. 
650 0 |a Capital investments. 
650 0 |a Capital budget. 
852 8 |b CARM  |h A2:AL13B0  |i B05676  |p 0258736  |f BK 
999 f f |i 4a3e9907-90a3-5fcf-9051-527de87fef1f  |s 2a4215dd-9740-59bb-a5b8-e5aba8d254f4 
952 f f |p Can circulate  |a CAVAL  |b CAVAL  |c CAVAL  |d CARM 1 Store  |e B05676  |f A2:AL13B0  |h Other scheme  |i book  |m 0258736